MARC

LEADER 00000nam0a2200000 4500
001 121810
005 20231101215713.0
035 |a (RuTPU)RU\TPU\book\131913 
090 |a 121810 
100 |a 20070921d1975 m y0rusy50 ca 
101 0 |a rus 
102 |a RU 
105 |a y z 000gy 
200 1 |a И песня и стих  |f Е. А. Долматовский 
210 |a Москва  |c Молодая гвардия  |d 1975 
215 |a 160 с. 
610 1 |a советская литература 
610 1 |a поэзия 
675 |a Р2  |v 3 
700 1 |a Долматовский  |b Е. А.  |c русский поэт  |f 1915-1994  |g Евгений Аронович  |2 stltpush  |3 (RuTPU)RU\TPU\pers\8224  |9 1621 
801 1 |a RU  |b 63413507  |c 20070921  |g PSBO 
942 |c BK